[Event "ch-FRA Top 16 GpA"]
[Site "Noyon FRA"]
[Date "2005.04.02"]
[Round "6"]
[White "Netzer,J"]
[Black "Hommeles,T"]
[Result "1/2-1/2"]
[WhiteElo "2384"]
[BlackElo "2384"]

1.e4 d6 2.d4 Nf6 3.Nc3 e5 4.Nf3 Nbd7 5.Bc4 Be7 6.O-O O-O 7.Re1 c6 8.a4 b6
9.Bg5 a6 10.d5 Bb7 11.dxc6 Bxc6 12.Bxf6 Nxf6 13.Qd3 Qc8 14.Nd2 Qb7 15.g3 g6
16.b4 Rfc8 17.b5 axb5 18.axb5 Bd7 19.Nd5 Nxd5 20.Bxd5 Rxa1 21.Rxa1 Qc7 22.c4 Bh3
23.Ra4 Bg5 24.Nb3 Bh6 25.Na1 Rf8 26.Qa3 Qe7 27.Nc2 Qg5 28.Qe3 Qh5 29.Qd3 Kh8
30.Ra8 f5 31.Rxf8+ Bxf8 32.Ne1 f4 33.Qf3 Bg4 34.Qa3 Qh3 35.Qa7 Be2 36.Ng2 Bf3
37.Ne1 Be2 38.Ng2 Bf3 39.Ne1  1/2-1/2

[Event "ch-FRA Top 16 GpA"]
[Site "Noyon FRA"]
[Date "2005.04.02"]
[Round "6"]
[White "Philippe,C"]
[Black "Laval,B"]
[Result "1-0"]
[WhiteElo "2374"]
[BlackElo "2163"]

1.e4 d6 2.d4 Nf6 3.Nc3 Nbd7 4.Nf3 e5 5.Bc4 Be7 6.O-O O-O 7.Re1 c6 8.a4 b6
9.Ba2 a6 10.h3 Qc7 11.Be3 Bb7 12.dxe5 dxe5 13.Nh4 g6 14.Qf3 Nh5 15.Qg4 Ndf6
16.Qe2 b5 17.Bh6 Rfe8 18.Nf3 Bf8 19.Bxf8 Rxf8 20.Qe3 b4 21.Nb1 c5 22.Nbd2 Nf4
23.Nc4 Bxe4 24.Ncxe5 N4d5 25.Qh6 Bxf3 26.Nxf3 Rae8 27.Bc4 a5 28.Ng5 Nb6 29.Rxe8  1-0

[Event "3rd ch-GER Internet Blitz Candidates"]
[Site "playchess INT"]
[Date "2005.04.02"]
[Round "3"]
[White "Feuerstack,A"]
[Black "Muse,D"]
[Result "0-1"]
[WhiteElo "2224"]
[BlackElo "2418"]

1.e4 d6 2.d4 Nf6 3.Nc3 e5 4.Nge2 Nbd7 5.Be3 c6 6.f3 b5 7.Qd2 a6 8.g4 Be7
9.Ng3 Nb6 10.Nf5 Bxf5 11.gxf5 Nfd7 12.O-O-O Bf6 13.dxe5 dxe5 14.f4 Qc7 15.fxe5 Nxe5
16.Bxb6 Qxb6 17.Be2 Rd8 18.Qf4 Rxd1+ 19.Rxd1 O-O 20.Bf1 h6 21.Kb1 a5 22.Ne2 Nc4
23.c3 Be5 24.Qf3 b4 25.cxb4 Qxb4 26.Qb3 Nd2+ 27.Rxd2 Qxd2 28.Qc2 Qe1+ 29.Qc1 Qf2
30.Nc3 Rb8 31.Na4 Bxb2 32.Nxb2 Qd4 33.Bg2 a4 34.a3 Qd3+ 35.Ka2 Qb3+ 36.Ka1 Qxa3+
37.Kb1 Qb3 38.Qc2 a3 39.Qxb3 Rxb3 40.Ka2 Rxb2+ 41.Kxa3 Rxg2  0-1

[Event "It B"]
[Site "Dos Hermanas ESP"]
[Date "2005.04.03"]
[Round "3"]
[White "Perez Candelario,Man"]
[Black "Cifuentes Parada,R"]
[Result "1/2-1/2"]
[WhiteElo "2495"]
[BlackElo "2521"]

1.e4 d6 2.d4 Nf6 3.Nc3 e5 4.Nf3 Nbd7 5.Bc4 Be7 6.O-O O-O 7.Re1 c6 8.a4 b6
9.b3 Bb7 10.Bd3 Re8 11.Bb2 Bf8 12.Qd2  1/2-1/2

[Event "3rd ch-GER Internet Blitz GpC"]
[Site "playchess INT"]
[Date "2005.04.03"]
[Round "3.2"]
[White "Buchenau,F"]
[Black "Bezold,M"]
[Result "0-1"]
[WhiteElo "2345"]
[BlackElo "2532"]

1.e4 d6 2.d4 Nf6 3.Nc3 e5 4.Nge2 Be7 5.f3 O-O 6.Be3 c6 7.a4 Nbd7 8.Qd2 a6
9.a5 Re8 10.g4 Nf8 11.g5 Nh5 12.dxe5 dxe5 13.Qxd8 Bxd8 14.Nb1 Ne6 15.Nd2 Nd4
16.Nxd4 exd4 17.Bxd4 Bxg5 18.Nc4 Be6 19.Nd6 Red8 20.e5 Rd7 21.c3 Nf4 22.Ne4 Bh4+
23.Kd2 Bd5 24.Ke3 Ne6 25.Bh3 Bxe4 26.fxe4 Bg5+ 27.Kf3 Nxd4+ 28.cxd4 Rxd4
29.Rhe1 Rd3+ 30.Kg4 Bd2 31.Rf1 Rad8 32.Rf2 h5+ 33.Kh4 g5+ 34.Kxh5 Rxh3+ 35.Kg4 Rh4+
36.Kf5 Rf4+ 37.Rxf4 Bxf4 38.h4 Re8 39.hxg5 Bxe5 40.Ra3 Kg7 41.Rb3 Re7 42.Rb4 Bd6
43.Rb3 Re5+  0-1

[Event "7th UI&UL GM"]
[Site "Dhaka BAN"]
[Date "2005.04.05"]
[Round "1"]
[White "Akshayraj,K"]
[Black "Haque,R1"]
[Result "0-1"]
[WhiteElo "2388"]
[BlackElo "2188"]

1.e4 d6 2.d4 Nf6 3.Nc3 c6 4.f4 Qa5 5.Bd2 Qb6 6.Nf3 Bg4 7.Na4 Bxf3 8.Nxb6 Bxd1
9.Nxa8 Bxc2 10.e5 Nd5 11.Bc4 e6 12.Rc1 Be4 13.Kf2 Kd7 14.Rhe1 f5 15.exf6 Nxf6
16.Rc3 d5 17.Rb3 Kc8 18.Be2 Bc2 19.Re3 Ne4+ 20.Kg1 Nxd2 21.Rxe6 Bb4 22.Bg4 Kd8
23.R1e3 Nc4 24.Rg3 g6 25.f5 Nd7 26.f6 Rf8 27.a3 Bd6 28.Rc3 Nxf6 29.Bh3 Bf5
30.Bxf5 gxf5 31.b3  0-1

[Event "Belgrade Cup"]
[Site "Belgrade SCG"]
[Date "2005.04.07"]
[Round "3"]
[White "Carnic,D"]
[Black "Todic,Z"]
[Result "0-1"]
[WhiteElo "2245"]
[BlackElo "2314"]

1.e4 d6 2.d4 Nf6 3.Nc3 Nbd7 4.Nf3 e5 5.Bc4 Be7 6.a4 h6 7.O-O c6 8.a5 Qc7
9.Bb3 Nf8 10.Qe2 a6 11.Qc4 Ne6 12.dxe5 dxe5 13.Be3 O-O 14.Na4 Bd7 15.Nb6 Rae8
16.Rad1 Bc8 17.Nh4 Ng4 18.Nxc8 Nxe3 19.fxe3 Rxc8 20.Rxf7 Rxf7 21.Qxe6 Rf8
22.Rd7 Qxa5 23.Nf3 Kh8 24.Rxe7 Rxf3 25.gxf3 Qe1+ 26.Kg2 Qe2+ 27.Kg1 Qxe3+  0-1

[Event "7th UI&UL GM"]
[Site "Dhaka BAN"]
[Date "2005.04.08"]
[Round "4"]
[White "Reefat,S"]
[Black "Akshayraj,K"]
[Result "1-0"]
[WhiteElo "2473"]
[BlackElo "2388"]

1.e4 d6 2.d4 Nf6 3.Nc3 e5 4.dxe5 dxe5 5.Qxd8+ Kxd8 6.Bg5 Be6 7.g3 Bb4 8.f4 Kc8
9.Bxf6 gxf6 10.O-O-O Bxc3 11.bxc3 Rd8 12.Re1 Nc6 13.f5 Bd7 14.Nf3 Rg8 15.Bc4 Be8
16.Rd1 Na5 17.Bd3 c5 18.Nd2 b5 19.Nf1 Bc6 20.Ne3 Kc7 21.Be2 Bxe4 22.Rhf1 Rab8
23.Bf3 Bc6 24.Bxc6 Kxc6 25.Nd5 Rg4 26.Nxf6 Ra4 27.Rd5 Nc4 28.Rfd1 Rxa2 29.Kb1 Rb2+
30.Kc1 Ra2 31.Kb1 Rb2+ 32.Kc1 b4 33.Nd7 Rb5 34.Nxe5+ Nxe5 35.Kxb2 Nc4+ 36.Kb3 Na5+
37.Ka2 bxc3 38.Rd6+ Kc7 39.Rd7+ Kc8 40.Rd8+ Kc7 41.R1d7+ Kc6 42.Rd6+ Kc7
43.R8d7+ Kb8 44.Rxf7  1-0

[Event "7th UI&UL GM"]
[Site "Dhaka BAN"]
[Date "2005.04.08"]
[Round "5"]
[White "Lahiri,A"]
[Black "Haque,R1"]
[Result "1-0"]
[WhiteElo "2355"]
[BlackElo "2188"]

1.d4 d6 2.e4 Nf6 3.Nc3 c6 4.Be3 Qa5 5.Qd2 e5 6.Nf3 b5 7.Bd3 b4 8.Ne2 Bg4
9.a3 Bxf3 10.gxf3 c5 11.dxe5 dxe5 12.O-O Qc7 13.Bb5+ Nbd7 14.axb4 cxb4 15.Rfd1 Be7
16.Bg5 Rb8 17.Qd3 O-O 18.Bxd7 Rfd8 19.Bxf6 Bxf6 20.Ra6 Be7 21.Rc6 Qa5 22.Qc4 Bf8
23.Rc7 Qb6 24.Rd3 Qg6+ 25.Kf1 a5 26.Bf5 Qh5 27.Rxf7 Kh8 28.Rxd8 Rxd8 29.Qd5 Qg5
30.Rd7 Re8 31.Qf7 Rb8 32.Be6 Bc5 33.h4 Qh6 34.Rc7 Rf8 35.Rxc5 g5 36.Qxf8+ Qxf8
37.Rc8  1-0

[Event "ch-RSA"]
[Site "Johannesburg RSA"]
[Date "2005.04.08"]
[Round "1"]
[White "Van den Heever,D"]
[Black "Solomon,K"]
[Result "0-1"]
[WhiteElo "2099"]
[BlackElo "2342"]

1.e4 d6 2.d4 Nf6 3.Nc3 e5 4.Nf3 Nbd7 5.Bc4 Be7 6.O-O O-O 7.Re1 c6 8.a4 a5
9.b3 exd4 10.Nxd4 Nb6 11.Bd3 d5 12.e5 Ne8 13.Qh5 g6 14.Qh6 Ng7 15.Nf3 Ne6
16.Ne2 Re8 17.Bb2 Ng5 18.Ned4 Nxf3+ 19.Nxf3 Bf8 20.Qf4 Qc7 21.h4 Bg7 22.h5 Nd7
23.Qh4 Qd8 24.hxg6 fxg6 25.Ng5 Nf8 26.f4 b6 27.Qg3 Ra7 28.Rad1 Qe7 29.c4 Rd8
30.cxd5 cxd5 31.Bd4 Rb7 32.Qe3 Bg4 33.Rc1 Nd7 34.Bb5 Nc5 35.Rxc5 bxc5 36.Bxc5 Qc7
37.Rc1 Qb8 38.Bd6 Qa7 39.Qxa7 Rxa7 40.Bc6 d4 41.Rc4 d3 42.Rd4 Bf8 43.Ne4 Bf5
44.Nf6+ Kg7 45.Bxf8+ Rxf8 46.g4 Be6 47.Rxd3 Ra6 48.Bb5 Ra7 49.Kf2 h6 50.Ke3 Rc8
51.Bd7 Bxd7 52.Nxd7 Rc1 53.f5 Rf1 54.f6+ Kf7 55.Rd6 Re1+ 56.Kf2 Re4 57.Kf3 Re1
58.Kf2 Re4 59.Nb8 Rb7 60.Nc6 Rxb3 61.e6+ Kxf6 62.e7+ Kf7 63.Rd8 Rxe7 64.Nxe7 Kxe7
65.Rh8 Rb4 66.Kg3 Kf6 67.Rxh6 Kg5 68.Rh8 Rxa4 69.Rg8 Rxg4+ 70.Kf3 Rf4+ 71.Ke3 Ra4
72.Rg7 Kf5 73.Kf3 Ra3+ 74.Kg2 a4 75.Rg8 g5 76.Rc8 Ke4 77.Rc4+ Kd3 78.Rc8 Rc3
79.Rg8 a3  0-1

[Event "ch-RUS u18"]
[Site "Nojabrsk RUS"]
[Date "2005.04.08"]
[Round "3"]
[White "Pogromsky,M"]
[Black "Eraschenkov,D"]
[Result "1/2-1/2"]
[WhiteElo "2291"]
[BlackElo "2378"]

1.d4 d6 2.e4 Nf6 3.Nc3 e5 4.Nf3 Nbd7 5.Bc4 Be7 6.O-O O-O 7.Re1 c6 8.a4 Qc7
9.h3 exd4 10.Nxd4 Re8 11.Bf4 Bf8 12.Bg3 Qb6 13.Qd2 Qb4 14.Bf1 Ne5 15.Nb3 Be6
16.f4 Nc4 17.Qc1 Na5 18.Nxa5 Qxa5 19.Bh4 d5 20.f5 Bd7 21.e5 Ne4 22.Nxe4 dxe4
23.e6 fxe6 24.f6 Qe5 25.Qg5 Qf5 26.g4 Qxf6 27.Qxf6 gxf6 28.Bxf6 Bc5+ 29.Kg2 Rf8
30.g5 Rae8 31.Rad1 Bc8 32.Rxe4 Be7 33.Bxe7 Rxe7 34.Bc4 Kg7  1/2-1/2

[Event "Bundesliga 2004-5"]
[Site "Tegernsee GER"]
[Date "2005.04.09"]
[Round "14"]
[White "Wegener,O"]
[Black "Lorscheid,G"]
[Result "1-0"]
[WhiteElo "2417"]
[BlackElo "2284"]

1.e4 d6 2.d4 Nf6 3.Nc3 e5 4.Nf3 Nbd7 5.Bc4 Be7 6.O-O O-O 7.Re1 c6 8.a4 b6
9.d5 cxd5 10.Nxd5 Bb7 11.b3 Rc8 12.Bb2 Nxd5 13.Bxd5 Bxd5 14.exd5 Nf6 15.c4 Qd7
16.Nd2 a6 17.f4 exf4 18.Qf3 Ng4 19.Rxe7 Qxe7 20.Qxg4 Qe3+ 21.Kh1 g6 22.Rd1 Rfe8
23.h3 Qf2 24.Qf3 Re1+ 25.Rxe1 Qxe1+ 26.Nf1 Re8 27.Kg1 Qe2 28.Qxe2 Rxe2 29.Ba3 f5
30.Bxd6 Rb2 31.b4 Kf7 32.Nh2 Ke8 33.Nf3 Kd7 34.Bxf4 Rxb4 35.Ne5+ Kc8 36.d6 Rxa4
37.Kf2 Ra2+ 38.Kf3 Ra3+ 39.Kf2 Ra2+ 40.Kg3 Ra1 41.d7+ Kc7 42.Kh4 b5 43.cxb5 axb5
44.Bd2  1-0

[Event "7th UI&UL GM"]
[Site "Dhaka BAN"]
[Date "2005.04.10"]
[Round "7"]
[White "Saptarshi,R"]
[Black "Haque,R1"]
[Result "1-0"]
[WhiteElo "2391"]
[BlackElo "2188"]

1.d4 d6 2.Nc3 c6 3.e4 Nf6 4.f4 Qa5 5.Bd3 e5 6.Nf3 Bg4 7.dxe5 dxe5 8.fxe5 Nfd7
9.e6 fxe6 10.h3 Qh5 11.Rf1 Bxf3 12.Rxf3 Qh4+ 13.g3 Qxh3 14.Bf1 Qh2 15.Bf4 Nf6
16.Bd6 Nbd7 17.Bxf8 Nxf8 18.e5 Ng4 19.Qd6 Nxe5 20.Rxf8+ Rxf8 21.Qxe6+ Kd8
22.O-O-O+ Kc7 23.Qxe5+  1-0

[Event "Bundesliga 2004-5"]
[Site "Koelln GER"]
[Date "2005.04.10"]
[Round "15"]
[White "Schneider,Bernd2"]
[Black "Burkart,P"]
[Result "1-0"]
[WhiteElo "2308"]
[BlackElo "2334"]

1.e4 d6 2.d4 Nf6 3.Nc3 c6 4.Bg5 Nbd7 5.Qd2 e5 6.Nf3 Be7 7.h3 b5 8.a3 Bb7
9.dxe5 dxe5 10.Bd3 O-O 11.O-O Qc7 12.Qe2 Nc5 13.Rad1 a5 14.Nb1 Ba6 15.Rfe1 Rad8
16.Qe3 Ne6 17.Bh4 Bc5 18.Qc1 Nf4 19.Nbd2 Rxd3 20.cxd3 Nxd3 21.Qc2 Nxe1 22.Qxc5 Nd3
23.Qc2 Nf4 24.Nb3 Bc8 25.Kh2 h6 26.Bxf6 gxf6 27.Qc5 Be6 28.Nc1 Rd8 29.Re1 Qd6
30.Qb6 a4 31.Ne2 Ng6 32.Nc3 Bb3 33.Re2 Rb8 34.Qe3 Nf4 35.Rd2 Qe7 36.Nh4 Qe8
37.g3 Ng6 38.Nf5 Qf8 39.Nxh6+ Kh7 40.Ng4 Be6 41.Nxf6+ Kg7 42.Nd7 Bxd7 43.Rxd7 Rd8
44.Qd2 Rxd7 45.Qxd7 Qc5 46.Kg2 Ne7 47.h4 Kf6 48.Qg4 Qd4 49.h5 b4 50.axb4 Qxb4
51.h6 Ng6 52.Qf5+ Ke7 53.Qg5+ Ke6 54.Qf5+ Ke7 55.Qc8 Qxb2 56.Qxc6 Qb8 57.Nd5+ Kf8
58.Qxa4 Kg8 59.Nf6+ Kh8 60.Qd7 Qf8 61.Ng4 Kg8 62.Qc7 Kh7 63.Qc6 Qd8 64.Qd5 Qe7
65.Qd3 Qg5 66.Qf3 Qe7 67.Qf5 Qf8 68.Nxe5 Kxh6 69.Nxg6  1-0

[Event "Bundesliga 2004-5"]
[Site "Koelln GER"]
[Date "2005.04.10"]
[Round "15"]
[White "Medvegy,Z"]
[Black "Hickl,J"]
[Result "1/2-1/2"]
[WhiteElo "2474"]
[BlackElo "2531"]

1.e4 d6 2.d4 Nf6 3.Nc3 e5 4.dxe5 dxe5 5.Qxd8+ Kxd8 6.Bc4 Be6 7.Bxe6 fxe6
8.f3 Bd6 9.Be3 a6 10.Nh3 Ke7 11.Nf2 Nc6 12.Rd1 h6 13.O-O g5 14.Ne2 b5 15.g3 Rhg8
16.Kg2 Raf8 17.h3 h5 18.g4 h4 19.Nd3 Nd7 20.c3 Rb8 21.Ra1 Na5 22.b3 Kf6 23.Rfd1 Rgd8
24.Rd2 Nf8 25.Rad1 Ng6 26.Bc5 Nb7 27.Bf2 Ra8 28.Nb2 Be7 29.Rxd8 Nxd8 30.Rd2  1/2-1/2

[Event "7th Open"]
[Site "Dubai UAE"]
[Date "2005.04.11"]
[Round "8"]
[White "Navara,D"]
[Black "Sturua,Z"]
[Result "1/2-1/2"]
[WhiteElo "2647"]
[BlackElo "2530"]

1.e4 d6 2.d4 Nf6 3.Nc3 e5 4.Nge2 Be7 5.g3 O-O 6.Bg2 c6 7.O-O b5 8.b3 a5 9.Bb2 Ba6
10.Qd2 b4 11.Na4 c5 12.dxe5 dxe5 13.Rfd1 Nc6 14.c4 Qc7 15.Qc2 Rad8 16.Rxd8 Rxd8
17.Rd1 Bb7 18.Bc1 Nd7 19.Nb2 Nf8 20.Rxd8 Qxd8 21.Qd1 Qc7 22.Nd3 Ne6 23.Be3 Qd6
24.Kf1 h6 25.Ke1 h5 26.f3 h4 27.Nf2 Ncd4 28.f4 hxg3 29.hxg3 Nxe2 30.Qxd6 Bxd6
31.Kxe2 exf4 32.gxf4 Bxf4 33.Nd3 Bc7 34.Nxc5 Nxc5 35.Bxc5 f5 36.Bf3 fxe4
37.Bg2 Kf7 38.Ke3 Bh2 39.Bxe4 Bg1+ 40.Kd2 Bxc5 41.Bxb7  1/2-1/2

[Event "ch-RUS u18"]
[Site "Nojabrsk RUS"]
[Date "2005.04.12"]
[Round "7"]
[White "Ponkratov,P"]
[Black "Lovkov,R"]
[Result "1/2-1/2"]
[WhiteElo "2378"]
[BlackElo "2351"]

1.e4 d6 2.d4 Nf6 3.Nc3 e5 4.Nf3 Nbd7 5.Bc4 Be7 6.O-O O-O 7.Qe2 c6 8.a4 Qe8
9.Rd1 Bd8 10.a5 exd4 11.Rxd4 Ne5 12.Nxe5 Qxe5 13.Qd1 Bc7 14.f4 Qe7 15.Be2 b6
16.Bf3 bxa5 17.Kh1 Bb7 18.Rd2 d5 19.e5 Nd7 20.b3 Rfe8 21.Ba3 Qh4 22.g3 Qh6
23.Re2 Rad8 24.Qg1 Bb6 25.Qg2 Nc5 26.Rd1 f6 27.exf6 Qxf6 28.Nxd5 Qf7 29.Rxe8+ Qxe8
30.Nxb6 Rxd1+  1/2-1/2

[Event "7th UI&UL GM"]
[Site "Dhaka BAN"]
[Date "2005.04.13"]
[Round "10"]
[White "Hasan,Me"]
[Black "Abdul,Mal"]
[Result "0-1"]
[WhiteElo "2322"]
[BlackElo "2191"]

1.e4 d6 2.d4 Nf6 3.Nc3 Nbd7 4.Be3 e5 5.f3 c6 6.Nge2 Be7 7.g4 b5 8.Ng3 exd4
9.Bxd4 b4 10.Nb1 Ne5 11.Nd2 O-O 12.Qe2 Ne8 13.Bg2 Bh4 14.O-O-O c5 15.Bxe5 dxe5
16.Kb1 Be6 17.Nc4 Qc7 18.Nf5 Bg5 19.Nce3 Bxe3 20.Nxe3 Nf6 21.Rhe1 Rad8 22.Bf1 a5
23.Qa6 Rd4 24.Rxd4 cxd4 25.Nc4 Rc8 26.b3 Bxc4 27.Bxc4 Nd7 28.f4 Nc5 29.Qb5 Rb8
30.Bxf7+ Kxf7 31.Qc4+ Ne6 32.Qd5 Rd8  0-1

[Event "1st ch-SCG"]
[Site "Kopaonik SCG"]
[Date "2005.04.14"]
[Round "12"]
[White "Markovic,Miros"]
[Black "Pikula,D"]
[Result "0-1"]
[WhiteElo "2509"]
[BlackElo "2485"]

1.e4 d6 2.d4 Nf6 3.Nc3 e5 4.Nf3 Nbd7 5.g4 Nxg4 6.Rg1 Ngf6 7.Bc4 h6 8.Be3 c6
9.Qd3 Qc7 10.O-O-O a6 11.dxe5 Nxe5 12.Nxe5 dxe5 13.Na4 Be6 14.Nc5 Bxc4 15.Qxc4 b5
16.Qe2 g6 17.h4 h5 18.f3 Be7 19.Qg2 Rd8 20.Rxd8+ Qxd8 21.Qh2 Qc7 22.Nd3 Bd6
23.Rg5 Nh7 24.Rg2 O-O 25.Qg1 Qe7 26.a3 Re8 27.Kb1 a5 28.Bc5 Bxc5 29.Qxc5 Qf6
30.Rd2 Nf8 31.Qb6 Rd8 32.Qxa5 Qxh4 33.Ka2 Qf6 34.Qc3 Rd4 35.Rf2 Nd7 36.b3 Qd6
37.f4 exf4 38.Nxf4 Ne5 39.Nd5 c5 40.Rf6 Qd8 41.Qxc5 Rxd5  0-1

[Event "TCh-BEL 2004-5"]
[Site "Belgium BEL"]
[Date "2005.04.15"]
[Round "9"]
[White "Decoster,F"]
[Black "Hautot,S"]
[Result "1/2-1/2"]
[WhiteElo "2135"]
[BlackElo "2328"]

1.e4 d6 2.d4 Nf6 3.Nc3 Nbd7 4.g4 h6 5.h3 e5 6.Nge2 c6 7.Bg2 Be7 8.Be3 O-O
9.O-O b5 10.a3 a5 11.Ng3 Re8 12.Nf5 Bf8 13.dxe5 Nxe5 14.b3 Bb7 15.Qd2 b4
16.axb4 axb4 17.Ne2 c5 18.Neg3 Ng6 19.Rad1 Nxe4 20.Nxe4 Bxe4 21.Bxe4 Rxe4
22.Bxc5 Ra5 23.f3 Re5 24.Bxd6 Bxd6 25.Qxd6 Qxd6 26.Nxd6 Ra2 27.Rd2 Nf4 28.Kf2 Nxh3+
29.Kg3  1/2-1/2

[Event "Extraliga CZE 2004-5"]
[Site "Czech Rep CZE"]
[Date "2005.04.16"]
[Round "10"]
[White "Kalod,R"]
[Black "Neuman,P"]
[Result "1/2-1/2"]
[WhiteElo "2501"]
[BlackElo "2430"]

1.e4 d6 2.d4 Nf6 3.Nc3 e5 4.Nge2 c6 5.f3 Nbd7 6.Be3 b5 7.d5 Bb7 8.dxc6 Bxc6
9.a3 h5 10.Qd2 Qb8 11.Nd5 Bxd5 12.exd5 Qb7 13.Nc3 a6 14.Rd1 Be7 15.Be2 Bd8
16.O-O Bb6 17.Kh1 Bxe3 18.Qxe3 Kf8 19.a4 b4 20.Ne4 Nxe4 21.fxe4 Qb6 22.Qg5 Nf6
23.Rxf6 gxf6 24.Qxf6 Rh7 25.Rf1 Qd8 26.Qg6 Rg7 27.Qxh5 Kg8 28.Rf5 Rc8  1/2-1/2

[Event "Spring Inv"]
[Site "Chicago USA"]
[Date "2005.04.18"]
[Round "6"]
[White "Matikozian,A"]
[Black "Mitkov,N"]
[Result "1/2-1/2"]
[WhiteElo "2515"]
[BlackElo "2530"]

1.e4 d6 2.d4 Nf6 3.Nc3 e5 4.dxe5 dxe5 5.Qxd8+ Kxd8 6.Bc4 Be6 7.Bxe6 fxe6
8.Be3 Bd6 9.f3 a6 10.O-O-O Ke7 11.Nge2 Nbd7 12.Kb1 b5 13.Nc1 Rhc8 14.Rd2  1/2-1/2

[Event "Open"]
[Site "Metz FRA"]
[Date "2005.04.18"]
[Round "3"]
[White "Bruned,V"]
[Black "Bauer,Ch"]
[Result "0-1"]
[WhiteElo "1907"]
[BlackElo "2640"]

1.e4 d6 2.d4 Nf6 3.Nc3 c6 4.Nf3 Bg4 5.h3 Bh5 6.Be2 e6 7.Be3 d5 8.e5 Nfd7
9.Nd2 Bg6 10.Nb3 b6 11.O-O a5 12.a4 Na6 13.Bd3 Nb4 14.Bxg6 hxg6 15.f4 Rc8
16.Ne2 c5 17.c3 Nc6 18.Qe1 Rb8 19.Qf2 c4 20.Nd2 b5 21.axb5 Rxb5 22.Rfb1 Qb8
23.Ra2 Nb6 24.b3 cxb3 25.Rxb3 Rxb3 26.Nxb3 Nc4 27.Nec1 Ba3 28.Nd2 Nxe3 29.Rxa3 Qb2
30.Ncb3 Qxa3 31.Qxe3 a4 32.Nc5 Qc1+ 33.Nf1 Qxe3+ 34.Nxe3 a3 35.Nc2 a2 36.Nb3 Ke7
37.Kf2 Rb8 38.Nca1 Rb5 39.Ke1 Na5 40.Nd2 Rb1+  0-1

[Event "ch-UKR u20"]
[Site "Lviv UKR"]
[Date "2005.04.19"]
[Round "1"]
[White "Oleksienko,M"]
[Black "Tarlev,K"]
[Result "1/2-1/2"]
[WhiteElo "2492"]
[BlackElo "2384"]

1.e4 d6 2.d4 Nf6 3.Nc3 e5 4.Nf3 Nbd7 5.Bc4 Be7 6.O-O O-O 7.Re1 c6 8.a4 a5
9.h3 h6 10.Ba2 Re8 11.Be3 Bf8 12.dxe5 Nxe5 13.Nd4 Qc7 14.f4 Ned7 15.Qf3 Nc5
16.Bf2 g6 17.Kh1 Bg7 18.e5 dxe5 19.fxe5 Rxe5 20.Bg3 Rxe1+ 21.Rxe1 Qd8 22.Nxc6 bxc6
23.Qxc6 Be6  1/2-1/2

[Event "7th Rector Cup w"]
[Site "Kharkiv UKR"]
[Date "2005.04.20"]
[Round "1"]
[White "Karlovich,A"]
[Black "Doluhanova,E"]
[Result "1/2-1/2"]
[WhiteElo "2225"]
[BlackElo "2251"]

1.e4 d6 2.d4 Nf6 3.Nc3 e5 4.dxe5 dxe5 5.Qxd8+ Kxd8 6.Bc4 Be6 7.Bxe6 fxe6
8.Nge2 Nc6 9.Be3 Bd6 10.O-O-O Ke7 11.f3 a6 12.a3 Rab8 13.Kb1 b6 14.Nc1 Na5
15.Nd3 c5  1/2-1/2

[Event "Torch Real Estate Cup"]
[Site "Jinan CHN"]
[Date "2005.04.23"]
[Round "4"]
[White "Shen Yang"]
[Black "Ding Linlin"]
[Result "1-0"]
[WhiteElo "2322"]
[BlackElo "2251"]

1.e4 d6 2.d4 Nf6 3.Nc3 c6 4.Nf3 Bg4 5.Be3 e6 6.Be2 Be7 7.h3 Bh5 8.g4 Bg6
9.Nh2 d5 10.e5 Nfd7 11.f4 c5 12.Nf3 Nc6 13.a3 h5 14.Kf2 Be4 15.dxc5 Bxf3
16.Kxf3 hxg4+ 17.hxg4 Rxh1 18.Qxh1 d4 19.Qh8+ Bf8 20.Ne4 dxe3 21.Nd6+ Ke7
22.Qh5 g6 23.Qh4+ g5 24.Qxg5+ f6 25.exf6+ Nxf6 26.Rd1 Bh6 27.Qxh6 Qh8 28.Rh1 Nd4+
29.Kxe3 Nd5+ 30.Kd2 Nb3+ 31.Ke1 Qxh6 32.Rxh6 Nxc5 33.Nxb7 Nxb7 34.Rh7+ Kf6
35.Rxb7 Nxf4 36.Bf3 Rc8 37.Kd2 a6 38.Rb6 Rh8 39.Rxa6 Rh3 40.Ke3 Ke5 41.Ra4 Ng2+
42.Kf2 Nh4 43.Bb7 Ng6 44.Rc4 Nf4 45.Re4+  1-0

[Event "Open"]
[Site "Metz FRA"]
[Date "2005.04.24"]
[Round "9"]
[White "Julian,S"]
[Black "Klinova,M"]
[Result "1-0"]
[WhiteElo "2142"]
[BlackElo "2391"]

1.e4 d6 2.d4 Nf6 3.Nc3 c6 4.h3 b5 5.Bd3 e5 6.Nf3 Nbd7 7.a4 b4 8.Ne2 Be7 9.Ng3 O-O
10.Nf5 Bb7 11.dxe5 dxe5 12.O-O c5 13.Qe2 Re8 14.Nxe7+ Qxe7 15.b3 Nf8 16.Bb2 Ng6
17.g3 Red8 18.Kg2 Rd6 19.Nd2 Rad8 20.Kh2 h5 21.Nc4 R6d7 22.Bc1 Nf8 23.Bb2 Ng6
24.Bc1 h4 25.Bg5 Rd4 26.Rae1 Bc8 27.Ne3 Qe6 28.Nf5 Re8 29.Bxf6 gxf6 30.Qh5 Qb6
31.gxh4 Bxf5 32.exf5 Rxh4 33.Qf3 e4 34.Qg3 Rh6 35.Rxe4  1-0

[Event "ch-SCG w"]
[Site "Pancevo SCG"]
[Date "2005.04.24"]
[Round "7"]
[White "Savic,Ma"]
[Black "Kostic,Ma"]
[Result "1-0"]
[WhiteElo "2163"]
[BlackElo "2168"]

1.e4 d6 2.d4 Nf6 3.Nc3 c6 4.a4 Qc7 5.Nf3 e5 6.Bc4 Be7 7.O-O O-O 8.h3 b6 9.Qe2 Bb7
10.dxe5 dxe5 11.Nh4 Bc5 12.Nf5 Nbd7 13.Qf3 Kh8 14.Rd1 Ne8 15.Ne2 Ndf6 16.Bg5 Bc8
17.Neg3 Be6 18.Qe2 Ng8 19.c3 a5 20.Rd2 g6 21.Nh6 Nd6 22.Bxe6 fxe6 23.Qg4 Rae8
24.Rad1 Kg7 25.Nxg8 Kxg8 26.Be3 Bxe3 27.fxe3 Nf7 28.Rd7 Qc8 29.Nh5 Nh6 30.Qg5 Nf7
31.Nf6+ Kh8 32.Qh4 h5 33.Nxe8 Qxe8 34.Qf6+ Kh7 35.Re7  1-0

[Event "ch-UKR w u20"]
[Site "Kharkiv UKR"]
[Date "2005.04.28"]
[Round "10"]
[White "Berdiugina,E"]
[Black "Arutyunova,D"]
[Result "1/2-1/2"]
[WhiteElo "2123"]
[BlackElo "2343"]

1.d4 d6 2.Nc3 Nf6 3.e4 c6 4.f4 Qa5 5.Bd2 Qb6 6.Nf3 Bg4 7.e5 dxe5 8.dxe5 Nd5
9.Na4 Qd8 10.c4 Nb6 11.Nc5 Qc8 12.h3 Bf5 13.Nd4 e6 14.Nxf5 exf5 15.Nb3 Be7
16.Qf3 c5 17.Na5 O-O 18.O-O-O Nc6 19.Nxc6 bxc6 20.g4 f6 21.Bd3 fxe5 22.fxe5 Qa6  1/2-1/2

[Event "ch-UKR w u20"]
[Site "Kharkiv UKR"]
[Date "2005.04.28"]
[Round "10"]
[White "Breslavska,G"]
[Black "Ushenina,A"]
[Result "1/2-1/2"]
[WhiteElo "2102"]
[BlackElo "2350"]

1.e4 d6 2.d4 Nf6 3.Nc3 c6 4.Nf3 g6 5.Be2 Bg7 6.O-O O-O 7.h3 a5 8.Re1 d5 9.e5 Ne8
10.Bf4 Nc7 11.Qd2 Re8 12.Bf1 b6 13.Bh6 Bh8 14.Ne2 Nd7 15.Nf4 Nf8 16.c3 Nfe6
17.Bd3 Ba6 18.Bc2 Qd7 19.Nxe6 Nxe6 20.Rad1 Bb7 21.Ng5 Nxg5 22.Qxg5 e6 23.Qh4 c5
24.Qg4 Qc7 25.Bb1 b5 26.h4 b4 27.h5 bxc3 28.bxc3 cxd4 29.cxd4 Ba6 30.Re3 Re7
31.Bg5 Rd7 32.Bf6 Bg7 33.hxg6 fxg6 34.Qxe6+ Rf7 35.Qxd5 Bb7 36.Qb3 a4 37.Qc3 Qxc3
38.Rxc3 Bxf6 39.exf6 Rxf6 40.d5 Rd6 41.Be4 Rad8 42.Rc4 Ra6 43.Rc7 Ba8 44.Rdc1 Rad6
45.Rc8 Kf7 46.Rxd8 Rxd8 47.Rc4 Bxd5 48.Bxd5+ Rxd5 49.Rxa4 Rd1+ 50.Kh2 h5
51.Ra6 Rd2 52.f4 Rd5 53.Kh3 g5 54.fxg5 Rxg5 55.g3 Rg4 56.a4 Kg7 57.Ra8 Kh7
58.a5 Ra4 59.a6 Kg7 60.a7 Kh7 61.Kg2 h4 62.gxh4 Ra2+ 63.Kf3 Ra3+ 64.Ke4 Ra1
65.Kd3 Ra3+ 66.Kc4 Ra1 67.h5 Ra2 68.h6 Ra1 69.Kb3 Ra6  1/2-1/2

[Event "ch-ARM"]
[Site "Yerevan ARM"]
[Date "2005.05.01"]
[Round "3"]
[White "Petrosian,TL"]
[Black "Chibukhchian,A"]
[Result "1-0"]
[WhiteElo "2599"]
[BlackElo "2406"]

1.e4 d6 2.d4 Nf6 3.Nc3 e5 4.Nf3 Nbd7 5.Bc4 Be7 6.O-O O-O 7.Re1 c6 8.a4 Qc7
9.b3 a5 10.h3 Nb6 11.Bd3 Re8 12.Bb2 Bf8 13.Ne2 g6 14.Ng3 Bg7 15.c4 exd4 16.Bxd4 Nbd7
17.Bc2 b6 18.Qd2 Ne5 19.Nh2 Bb7 20.Rad1 Rad8 21.f4 c5 22.Bc3 Nc6 23.Nf3 Nb4
24.Bb1 Qe7 25.Qb2 Rf8 26.Nf5 gxf5 27.exf5 Bxf3 28.Rxe7 Bxd1 29.Bxf6 Bxf6
30.Qxf6 Bxb3 31.Qh6  1-0

[Event "ch-FRA Top 16 Poule Basse"]
[Site "Port Barcares FRA"]
[Date "2005.05.04"]
[Round "8"]
[White "Marciano,D"]
[Black "Hommeles,T"]
[Result "1-0"]
[WhiteElo "2522"]
[BlackElo "2384"]

1.e4 d6 2.d4 Nf6 3.Nc3 e5 4.dxe5 dxe5 5.Qxd8+ Kxd8 6.Bc4 Be6 7.Bxe6 fxe6
8.f3 a6 9.Nh3 Bd6 10.Nf2 Nc6 11.Be3 Ke7 12.Nd3 h6 13.Na4 Nb4 14.Nxb4 Bxb4+
15.Ke2 Bd6 16.c4 b5 17.Nc3 bxc4 18.Rhc1 Rhb8 19.Nd1 Rb4 20.Bd2 Rb7 21.Rxc4 g5
22.Rac1 Kf7 23.b3 Kg6 24.Ba5 Ne8 25.g4 h5 26.gxh5+ Kxh5 27.Nf2 Kg6 28.Rg1 Be7
29.Nd3 Bf6 30.Rc6 Nd6 31.Nc5 Rb5 32.Bxc7 Rc8 33.a4 Rb4 34.Nxa6 Rxb3 35.Rxd6 Rh8
36.Rg2  1-0

[Event "ch-FRA Top 16 Poule Basse"]
[Site "Port Barcares FRA"]
[Date "2005.05.04"]
[Round "8"]
[White "Guadalpi,D"]
[Black "Laval,B"]
[Result "1-0"]
[WhiteElo "2317"]
[BlackElo "2163"]

1.e4 d6 2.d4 Nf6 3.Nc3 Nbd7 4.Nf3 e5 5.Bc4 Be7 6.O-O O-O 7.Re1 c6 8.a4 b6
9.b3 a6 10.Bb2 Qc7 11.Bd3 Re8 12.Ne2 exd4 13.Nfxd4 Bf8 14.Ng3 d5 15.Qd2 c5
16.Ndf5 Bb7 17.Qg5 Kh8 18.exd5 Bxd5 19.Nh5 Nxh5 20.Qxh5 Ne5 21.Nxg7  1-0

[Event "23rd Liechtenstein Open"]
[Site "Triesen LIE"]
[Date "2005.05.04"]
[Round "6"]
[White "Janev,E"]
[Black "Pribyl,Jo"]
[Result "0-1"]
[WhiteElo "2428"]
[BlackElo "2412"]

1.e4 d6 2.d4 Nf6 3.Nc3 e5 4.Nf3 Nbd7 5.Bc4 Be7 6.O-O O-O 7.Re1 c6 8.a4 b6
9.Ba2 a6 10.Bg5 Bb7 11.Qd2 b5 12.Rad1 Qc7 13.Nh4 b4 14.Nf5 Rae8 15.Nb1 c5
16.dxe5 Nxe5 17.f3 Rd8 18.Qf2 Bc8 19.Nxe7+ Qxe7 20.f4 Ng6 21.f5 Ne5 22.Nd2 h6
23.Bh4 Kh7 24.Rf1 Bd7 25.Bb3 a5 26.h3 Bc6 27.Rde1 Qd7 28.Ra1 Rfe8 29.Rfe1 Qb7
30.Re3 Rc8 31.Bxf6 gxf6 32.Rd1 Rg8 33.Qh4 Rg5 34.Nc4 Rcg8 35.g3 Qe7 36.Qf4 Bxa4
37.Nb6 Bc6 38.Nd5 Qa7 39.Bc4 Bxd5 40.exd5 Nxc4 41.Qxc4 Rxg3+ 42.Rxg3 Rxg3+
43.Kh2 Rg5 44.h4 Rg8 45.Re1 a4 46.Re3 a3 47.bxa3 bxa3 48.Qa2 Qa4 49.c4 Qd1
50.Rg3 Rxg3 51.Kxg3 Qd3+ 52.Kh2 Qc3  0-1